000 00332nam a2200133Ia 4500
008 210312s9999||||xx |||||||||||||| ||und||
041 _aosm
050 _aPG5027.5
050 _bT34.A44
100 _aTchapek, Karel
245 0 _aAlemşumul sun'i adamlar fabrikası
260 _c1927
650 _aEdebiyat--Çek edebiyatı--Tiyatro
999 _c22343
_d22343